Niektoré makroekonomické aspekty ekonomického rastu

Guardado en:
Detalles Bibliográficos
Autor principal: Lisý, Ján
Otros Autores: Hontyová, Kajetána
Formato: Capítulo de libro
Lenguaje:eslovaco
Etiquetas: Agregar Etiqueta
Sin Etiquetas, Sea el primero en etiquetar este registro!

MARC

LEADER 00000naa$a2200000$$$4500
001 0116413
005 20240502083305.3
041 0 |a slo 
044 |a PL 
245 1 0 |a Niektoré makroekonomické aspekty ekonomického rastu  |c Ján Lisý, Kajetana Hontyová 
100 1 |a Lisý, Ján 
700 1 |a Hontyová, Kajetána